Charmed - Saison 5 - Statistiques

Statistiques générales
  • Ce quiz a été pris 153 fois
  • Le résultat moyen est 10 sur 15
Statistiques - réponses
Hint Réponse % Correct
Laquelle des trois sœurs est enceinte, dès le début de la saison ? Piper
100%
Le nom de son premier fils provient du nom de famille de ? Leo
88%
Dans l'épisode 15, Piper accouche enfin de son bébé, qui s'appelle ? Wyatt
85%
Phoebe devient ? Sourde
84%
Dans l'épisode 20, les trois sœurs perdent leurs sens. Piper devient ? Aveugle
83%
Paige devient ? Muette
83%
Phoebe, dès le premier épisode, se transforme en une créature mythique. Laquelle ? Sirène
81%
Dans le dernier épisode, Leo, jusque-là Être de lumière, monte en grade. Que devient-il ? Fondateur
80%
Dans le troisième épisode, Piper devient le Chaperon rouge, Phoebe devient Cendrillon, et Paige devient ? Blanche-Neige
75%
Dans l'épisode 12, un des personnages majeurs de la série meurt. Qui ? Cole
70%
L'épisode 18 voit la réapparition d'un personnage, décédé, majeur de la série pendant quelques secondes. Qui est ce personnage ? Prue
42%
Dans l'épisode 19, Paige se transforme en quelle créature ? Nymphe
31%
Dans l'épisode 10, Cole, fou de Phoebe, tente de récupérer Phoebe en la faisant se transformer en quoi ? Momie
29%
Dans l'épisode 9, Paige découvre son père biologique. Comment s'appelle-t-il (mettre son prénom et son nom officiels) ? Samuel Wilder
20%
Dans l'épisode 6, les trois sœurs doivent protéger une certaine ethnie d'un démon. Laquelle ? Tsigane
13%
Aucun quiz correspondant
Distribution des résultats
% des personnes avec chaque résultat
Percentile par nombre de réponses
Votre historique - résultats
Vous n’avez pas pris ce quiz